| 000 | 00382nam a2200133Ia 4500 | ||
|---|---|---|---|
| 003 | GCL | ||
| 008 | 140319s9999 xx 000 0 ara d | ||
| 040 |
_aGCL / _cGCL |
||
| 082 | 0 | 4 |
_a342 _bس و |
| 245 | 1 | 0 | _a"الوجيز فى القانون الادارى "" دراسة مقارنة """ |
| 260 |
_a[S.N] : _bدار الفكر العربى ، _c1992 |
||
| 300 | _a648 ص | ||
| 490 | _a | ||
| 999 |
_c54920 _d54920 |
||